[Event "Rated Blitz game"]
[Site "?"]
[Date "2021.07.14"]
[Round "?"]
[White "Allan_l"]
[Black "Michael_Watts"]
[Result "1-0"]
[WhiteElo "2419"]
[BlackElo "2304"]
[PlyCount "61"]
[EventDate "2021.??.??"]
[EventType "blitz"]

1. e4 e5 2. Nf3 d5 3. exd5 e4 4. Qe2 Nf6 5. Nc3 Be7 6. Nxe4 Nxd5 7. g3 O-O 8.
Bg2 Nc6 9. O-O Bg4 10. c3 f5 11. Nc5 Bxc5 12. h3 Bxf3 13. Bxf3 Nf6 14. Qc4+ Kh8
15. Qxc5 Ne4 16. Bxe4 fxe4 17. d4 exd3 18. Bf4 Rxf4 19. gxf4 Qh4 20. Qg5 Qxh3
21. Rad1 h6 22. Qg3 Qf5 23. Rxd3 Rf8 24. Re1 Rf6 25. Kf1 Rg6 26. Re8+ Kh7 27.
Qe3 Qg4 28. Qe4 Qg1+ 29. Ke2 Qg4+ 30. Kd2 h5 31. Rg3 {Normal} 1-0

[Event "Rated Blitz game"]
[Site "?"]
[Date "2021.07.14"]
[Round "?"]
[White "Earlgrayattack"]
[Black "Tristan2020"]
[Result "0-1"]
[WhiteElo "2438"]
[BlackElo "2304"]
[PlyCount "38"]
[EventDate "2021.??.??"]
[EventType "blitz"]

1. e4 e5 2. Nf3 d5 3. Nxe5 Bd6 4. d4 dxe4 5. Bc4 Bxe5 6. dxe5 Qxd1+ 7. Kxd1
Bg4+ 8. Ke1 Nc6 9. c3 Nxe5 10. Bb3 Nd3+ 11. Kd2 O-O-O 12. Kc2 Nxf2 13. Rf1 Bd1+
14. Rxd1 Nxd1 15. Bg5 Nf6 16. Nd2 e3 17. Rxd1 Rxd2+ 18. Rxd2 exd2 19. Kxd2 Ne4+
{Normal} 0-1

[Event "Rated Blitz game"]
[Site "?"]
[Date "2021.07.14"]
[Round "?"]
[White "bouzidian"]
[Black "GoughPhar"]
[Result "1-0"]
[WhiteElo "2430"]
[BlackElo "2411"]
[PlyCount "55"]
[EventDate "2021.??.??"]
[EventType "blitz"]

1. e4 e5 2. Nf3 d5 3. Nxe5 Bd6 4. d4 dxe4 5. Nc3 Bxe5 6. dxe5 Qxd1+ 7. Nxd1 Nc6
8. Bf4 Nge7 9. Nc3 Ng6 10. Bg3 Bf5 11. Bb5 O-O-O 12. Bxc6 bxc6 13. O-O Rhe8 14.
f3 exf3 15. Rxf3 Bxc2 16. Rxf7 Rd7 17. Rxd7 Kxd7 18. Rc1 Bf5 19. Rd1+ Ke6 20.
Ne2 Nxe5 21. Nd4+ Kf6 22. Bxe5+ Rxe5 23. Rf1 c5 24. Nc6 Re2 25. g4 Rxb2 26.
Rxf5+ Kg6 27. Ne7+ Kh6 28. Rh5# {Normal} 1-0

[Event "Rated Blitz game"]
[Site "?"]
[Date "2021.07.14"]
[Round "?"]
[White "superkingster"]
[Black "GrandeGila"]
[Result "1-0"]
[WhiteElo "2569"]
[BlackElo "2493"]
[PlyCount "167"]
[EventDate "2021.??.??"]
[EventType "blitz"]

1. e4 e5 2. Nf3 d5 3. exd5 e4 4. Qe2 Nf6 5. d3 Qxd5 6. Nfd2 Be7 7. dxe4 Qe6 8.
g3 Nc6 9. c3 O-O 10. Bg2 a5 11. a4 b6 12. Qc4 Ne5 13. Qxe6 fxe6 14. O-O Ba6 15.
Rd1 Rad8 16. Na3 Bc5 17. Nb5 Rf7 18. b4 axb4 19. cxb4 Bxb4 20. Bb2 Nd3 21. Bxf6
Rxf6 22. Nb3 c5 23. e5 Rf7 24. Bh3 Rxf2 25. Bxe6+ Kf8 26. Rxd3 Rxd3 27. Kxf2
Ke7 28. Bc4 Bxb5 29. axb5 Rc3 30. Ra7+ Kf8 31. Bd5 c4 32. Nd4 Bc5 33. Ra8+ Ke7
34. Ra7+ Kf8 35. Ra8+ Ke7 36. Ra7+ Kd8 37. Ke2 Bxd4 38. e6 Bf6 39. Rd7+ Kc8 40.
Bb7+ Kb8 41. e7 Rc2+ 42. Kd1 Bxe7 43. Kxc2 Bf6 44. Bd5 c3 45. Be6 h6 46. h4 h5
47. Bf7 Kc8 48. Ra7 Kb8 49. Rd7 Kc8 50. Rd5 Kc7 51. Bxh5 Kc8 52. Bf3 Kc7 53. g4
Bxh4 54. Kxc3 Bf6+ 55. Kd3 Be7 56. Ke4 Bc5 57. Kf5 Be3 58. Ke6 Bh6 59. Rd7+ Kc8
60. Bc6 Kb8 61. Kf5 Be3 62. Kg6 Bd4 63. g5 Be5 64. Kf7 Bd4 65. Kg8 Bc3 66. g6
Bb2 67. Rxg7 Bxg7 68. Kxg7 Kc7 69. Kf7 Kd6 70. Kf6 Kc5 71. Ke5 Kb4 72. Kd6 Ka5
73. Kc7 Kb4 74. Kxb6 Kc3 75. Kc7 Kd4 76. b6 Ke3 77. b7 Kd2 78. b8=Q Kc3 79. Qd8
Kc4 80. g7 Kb4 81. g8=Q Kc5 82. Qgd5+ Kb4 83. Qb8+ Ka3 84. Qbb3# {Normal} 1-0

[Event "Rated Blitz game"]
[Site "?"]
[Date "2021.07.14"]
[Round "?"]
[White "Shamsutdin"]
[Black "ahoramahora"]
[Result "1-0"]
[WhiteElo "2490"]
[BlackElo "2384"]
[PlyCount "75"]
[EventDate "2021.??.??"]
[EventType "blitz"]

1. e4 e5 2. Nf3 d5 3. Nxe5 Bd6 4. d4 dxe4 5. Nc4 Nf6 6. Nxd6+ Qxd6 7. Be2 O-O
8. O-O a6 9. c4 Nc6 10. Be3 Bf5 11. Nc3 Rad8 12. h3 Nxd4 13. Rc1 Nxe2+ 14. Qxe2
Qd3 15. Qe1 Qxc4 16. Ne2 Qxa2 17. Rxc7 Qxb2 18. Nf4 Rd7 19. Rc1 Rfd8 20. Qa5
Qb5 21. Qa1 Nd5 22. Rc5 Qb3 23. Rb1 Nxe3 24. Rxb3 Rd1+ 25. Kh2 Rxa1 26. fxe3
Bc8 27. h4 Rad1 28. Rbc3 Bg4 29. Rc7 R1d7 30. R7c4 Re7 31. Rc5 h6 32. Kg3 Be6
33. Re5 Kf8 34. Rxe4 Bd5 35. Rd4 Red7 36. Rcd3 Ke7 37. Nxd5+ Ke6 38. Nf4+ {
Normal} 1-0

[Event "Rated Blitz game"]
[Site "?"]
[Date "2021.07.14"]
[Round "?"]
[White "Culapio"]
[Black "Type_Smart"]
[Result "0-1"]
[WhiteElo "2430"]
[BlackElo "2309"]
[PlyCount "110"]
[EventDate "2021.??.??"]
[EventType "blitz"]

1. e4 e5 2. Nf3 d5 3. exd5 e4 4. Qe2 Nf6 5. d3 Qxd5 6. Nc3 Bb4 7. Bd2 Bxc3 8.
Bxc3 O-O 9. dxe4 Nxe4 10. Qc4 Nxc3 11. Qxc3 Re8+ 12. Be2 Qe4 13. O-O Nc6 14.
Bd3 Qb4 15. Qxb4 Nxb4 16. Rfe1 Bg4 17. Ne5 Be6 18. a3 Nxd3 19. Nxd3 b6 20. Re3
Bc4 21. Rae1 Rxe3 22. Rxe3 Bxd3 23. Rxd3 Kf8 24. Rd7 Rc8 25. Kf1 Ke8 26. Rd3
Ke7 27. Ke2 c5 28. c4 Rc7 29. Ke3 f6 30. Ke4 Ke6 31. f3 Re7 32. f4 Kf7+ 33. Kf3
f5 34. Rd6 g6 35. b4 cxb4 36. axb4 Rc7 37. Rd4 Ke6 38. Ke3 a5 39. bxa5 bxa5 40.
Kd3 Rc5 41. Rd8 Rc7 42. Ra8 Rc5 43. Kd4 Rc7 44. Rxa5 Rd7+ 45. Rd5 Rb7 46. Rb5
Rd7+ 47. Rd5 Rb7 48. Rb5 Ra7 49. Rb6+ Kd7 50. c5 Ra4+ 51. Kd5 Kc7 52. Rf6 Rxf4
53. Rf7+ Kd8 54. c6 Ra4 55. Kd6 Rd4+ {Time forfeit} 0-1

[Event "Rated Blitz game"]
[Site "?"]
[Date "2021.07.14"]
[Round "?"]
[White "Rescatador"]
[Black "Jomajo"]
[Result "1/2-1/2"]
[WhiteElo "2652"]
[BlackElo "2613"]
[PlyCount "126"]
[EventDate "2021.??.??"]
[EventType "blitz"]

1. e4 e5 2. Nf3 d5 3. exd5 e4 4. Qe2 Qe7 5. Nd4 Nf6 6. Nc3 Qe5 7. Nb3 Nbd7 8.
d3 exd3 9. cxd3 Bb4 10. Bd2 O-O 11. O-O-O Bxc3 12. Bxc3 Qxe2 13. Bxe2 Nxd5 14.
Bd2 c6 15. Bf3 N7f6 16. Rhe1 Bf5 17. Be4 Bg6 18. Nc5 b6 19. Nb7 Rfe8 20. Nd6
Re6 21. Bxd5 Nxd5 22. Rxe6 fxe6 23. Ne4 Rd8 24. f3 h6 25. Nf2 Kf7 26. Re1 Nc7
27. Ng4 Ke7 28. Ne5 Be8 29. Bc3 Nb5 30. Kc2 c5 31. Nc4 g6 32. h4 Nd4+ 33. Kd2
b5 34. Ne5 b4 35. Bxd4 Rxd4 36. g4 Kd6 37. Nc4+ Ke7 38. Re5 Rd5 39. Ke3 Kf6 40.
f4 Bb5 41. b3 Bxc4 42. g5+ hxg5 43. hxg5+ Ke7 44. dxc4 Rxe5+ 45. fxe5 Kd7 46.
Kd2 Kc6 47. Kc2 Kb6 48. Kb2 a5 49. Kc2 Ka6 50. Kb2 Kb6 51. Kc2 a4 52. Kb2 Ka5
53. Kc2 a3 54. Kb1 Kb6 55. Kc2 Kc6 56. Kd2 Kc7 57. Kc2 Kc6 58. Kd2 Kc7 59. Kc2
Kd7 60. Kd2 Ke7 61. Kc2 Ke8 62. Kd2 Kd7 63. Kc2 Kc6 {Normal} 1/2-1/2

[Event "Rated Blitz tournament 1jhjli3A"]
[Site "?"]
[Date "2021.07.14"]
[Round "?"]
[White "Saparmyrat"]
[Black "dr_xStranger"]
[Result "1-0"]
[WhiteElo "2663"]
[BlackElo "2545"]
[PlyCount "59"]
[EventDate "2021.??.??"]
[EventType "blitz"]

1. e4 e5 2. Nf3 d5 3. Nxe5 Bd6 4. d4 dxe4 5. Nc4 Nf6 6. Nc3 O-O 7. Bg5 Nc6 8.
Be2 Re8 9. Qd2 h6 10. Bh4 g5 11. Nxd6 Qxd6 12. Bg3 Qxd4 13. O-O-O Qxd2+ 14.
Rxd2 Be6 15. Nb5 Rac8 16. Nxc7 Re7 17. Nxe6 Rxe6 18. Rhd1 Kg7 19. a3 Ne5 20. h3
Ng6 21. Rd6 Rc6 22. Rxe6 Rxe6 23. b3 Nf4 24. Bf1 N6h5 25. Bh2 e3 26. fxe3 Rxe3
27. Bg1 Ne2+ 28. Kd2 Re7 29. Bxe2 Nf4 30. Bf3 {Normal} 1-0

[Event "Rated Blitz game"]
[Site "?"]
[Date "2021.07.14"]
[Round "?"]
[White "Dapsay"]
[Black "rofaidah"]
[Result "0-1"]
[WhiteElo "2575"]
[BlackElo "2473"]
[PlyCount "26"]
[EventDate "2021.??.??"]
[EventType "blitz"]

1. e4 e5 2. Nf3 d5 3. exd5 e4 4. Qe2 Nf6 5. d3 Bf5 6. Nc3 Bb4 7. Bd2 Bxc3 8.
Bxc3 O-O 9. O-O-O exf3 10. gxf3 Nxd5 11. Qe5 Nxc3 12. Qxc3 Qf6 13. h4 Qxc3 {
Normal} 0-1

[Event "Rated Blitz game"]
[Site "?"]
[Date "2021.07.14"]
[Round "?"]
[White "L1475"]
[Black "Jomajo"]
[Result "1-0"]
[WhiteElo "2505"]
[BlackElo "2604"]
[PlyCount "169"]
[EventDate "2021.??.??"]
[EventType "blitz"]

1. e4 e5 2. Nf3 d5 3. Nxe5 Bd6 4. d4 dxe4 5. Nc3 Bxe5 6. dxe5 Qxd1+ 7. Nxd1 Nc6
8. Bb5 Nge7 9. Nc3 Bf5 10. Bf4 O-O-O 11. O-O Nd4 12. Ba4 Ng6 13. Bg3 h5 14. h3
h4 15. Bh2 c6 16. Rfe1 e3 17. Rxe3 Bxc2 18. Rc1 Bxa4 19. Nxa4 Rhe8 20. Nc5 f6
21. exf6 Ne2+ 22. Rxe2 Rxe2 23. fxg7 Rg8 24. b4 Rxg7 25. b5 Rf7 26. bxc6 bxc6
27. Nd3 Kb7 28. Rb1+ Ka6 29. Nb4+ Kb5 30. Bd6 Kc4 31. Rc1+ Kb5 32. Rb1 Ka4 33.
Nxc6 a5 34. Bc5 Rc7 35. Nd4 Re4 36. Nb3 Nf4 37. Bb6 Ne2+ 38. Kh2 Rcc4 39. Nxa5
Rb4 40. Rxb4+ Kxb4 41. Nb3 Nc3 42. Be3 Nxa2 43. Nd2 Re8 44. Nf3 Nc3 45. Nxh4
Nd5 46. Nf5 Kc4 47. g4 Kd3 48. Kg3 Ke4 49. f3+ Kd3 50. Bg5 Rg8 51. h4 Nc3 52.
Nh6 Ne2+ 53. Kf2 Rf8 54. Nf5 Nd4 55. Nxd4 Kxd4 56. Kg3 Kd5 57. h5 Ke6 58. f4
Kf7 59. Kh4 Re8 60. f5 Kg7 61. Bf4 Kh7 62. Kg5 Rg8+ 63. Kh4 Rf8 64. Be5 Re8 65.
Bf6 Rf8 66. Bg5 Rg8 67. Bf4 Rf8 68. Bg5 Rf7 69. Be3 Rf8 70. Kg3 Rg8 71. Kf3 Re8
72. Bf4 Rd8 73. g5 Re8 74. g6+ Kg7 75. Kg4 Kf6 76. Bg5+ Kg7 77. h6+ Kg8 78. Kh5
Kf8 79. f6 Re6 80. h7 Ke8 81. g7 Kd7 82. h8=Q Kc6 83. g8=Q Kd5 84. Qxe6+ Kxe6
85. Qg8+ {Time forfeit} 1-0

[Event "Titled Tuesday 13th July"]
[Site "chess.com INT"]
[Date "2021.07.13"]
[Round "5"]
[White "Kanyamarala, Tarun"]
[Black "Skatchkov, Valery"]
[Result "0-1"]
[WhiteElo "2369"]
[BlackElo "2291"]
[PlyCount "94"]
[EventDate "2021.07.13"]
[SourceTitle "The Week in Chess 1393"]
[Source "Mark Crowther"]
[SourceDate "2021.07.19"]
[SourceVersion "3"]
[SourceVersionDate "2021.07.20"]
[SourceQuality "2"]

1. e4 e5 2. Nf3 d5 3. d3 dxe4 4. dxe4 Qxd1+ 5. Kxd1 Nc6 6. c3 f5 7. Nbd2 Nf6 8.
Bd3 fxe4 9. Nxe4 Bg4 10. Kc2 O-O-O 11. Nfg5 Bh5 12. Ne6 Re8 13. Nxf6 gxf6 14.
Bf5 Bg6 15. Ng7+ Kd8 16. Bxg6 hxg6 17. Nxe8 Kxe8 18. Be3 Rh4 19. g3 Rh3 20.
Rad1 Bd6 21. Kd3 f5 22. f3 f4 23. Bf2 Kf7 24. Ke2 g5 25. Kf1 fxg3 26. Bxg3 Ne7
27. Kg2 Rh7 28. h4 Nf5 29. Bf2 gxh4 30. Rdg1 b6 31. Rh3 Be7 32. Kf1 Rh6 33. Rg4
Rd6 34. Ke2 Bf6 35. Re4 Bg5 36. Rxe5 Rd2+ 37. Kf1 Kf6 38. Re4 Rxb2 39. f4 Bh6
40. Bxh4+ Kf7 41. Re5 Nd6 42. f5 Bf8 43. Rd3 Rxa2 44. f6 Rh2 45. Rd4 a5 46. Bg3
Rh6 47. Rf5 Nxf5 0-1

[Event "Titled Tuesday 13th July"]
[Site "chess.com INT"]
[Date "2021.07.13"]
[Round "1"]
[White "Xie, Bryan"]
[Black "Vestby-Ellingsen, Mads"]
[Result "0-1"]
[WhiteElo "2027"]
[BlackElo "2340"]
[PlyCount "208"]
[EventDate "2021.07.13"]
[SourceTitle "The Week in Chess 1393"]
[Source "Mark Crowther"]
[SourceDate "2021.07.19"]
[SourceVersion "3"]
[SourceVersionDate "2021.07.20"]
[SourceQuality "2"]

1. e4 e5 2. Nf3 d5 3. exd5 e4 4. Ng1 Qxd5 5. Nc3 Qe5 6. Qe2 Nf6 7. d3 Bb4 8.
Bd2 O-O 9. Nxe4 Qxb2 10. Nxf6+ Qxf6 11. Rb1 Bxd2+ 12. Qxd2 Nc6 13. Nf3 Bg4 14.
Be2 Bxf3 15. Bxf3 Rfe8+ 16. Be4 Rad8 17. f3 Qd4 18. Kf1 Ne5 19. Qf2 b6 20. Qxd4
Rxd4 21. c3 Ra4 22. Rb2 Ra3 23. Rc2 Rd8 24. Ke2 c5 25. f4 Ng4 26. h3 Nf6 27.
Bc6 Rd6 28. Bb7 Rd7 29. Bc6 Rd6 30. Bf3 Ra4 31. c4 Ra3 32. Rd1 g6 33. g4 Kg7
34. Rcd2 Nd7 35. Bd5 Nf6 36. Bf3 h6 37. g5 hxg5 38. fxg5 Ne8 39. h4 Nc7 40. Bb7
Ne6 41. Bd5 Nf4+ 42. Ke3 Nxd5+ 43. cxd5 Rxd5 44. Rb2 Rd4 45. Rh2 Rg4 46. Kf3
Rga4 47. Ke3 Rxa2 48. Rh3 Rg4 49. Rf3 Rxh4 50. Rdf1 f5 51. gxf6+ Kf7 52. Rg3
Rh5 53. Rfg1 Re5+ 54. Kf4 Rf5+ 55. Ke4 Re2+ 56. Re3 Rxe3+ 57. Kxe3 Kxf6 58. Ra1
Re5+ 59. Kd2 Re7 60. Rf1+ Kg7 61. Kc3 g5 62. Kc4 Kg6 63. Rf8 g4 64. Rf1 Kg5 65.
Rg1 g3 66. Rxg3+ Kf4 67. Rg1 Ke5 68. Re1+ Kd6 69. Ra1 Kc6 70. Rb1 Rd7 71. Re1
b5+ 72. Kc3 a5 73. Re6+ Rd6 74. Re8 b4+ 75. Kb3 Rxd3+ 76. Kb2 Kb5 77. Rb8+ Kc4
78. Rc8 a4 79. Kc2 Rc3+ 80. Kb2 a3+ 81. Kb1 Rh3 82. Rf8 Kb3 83. Kc1 Rh1+ 84.
Kd2 a2 85. Rf3+ Ka4 86. Rf8 a1=Q 87. Ra8+ Kb3 88. Rxa1 Rxa1 89. Kd3 Rd1+ 90.
Ke4 Kc2 91. Ke3 b3 92. Ke2 b2 93. Ke3 c4 94. Ke2 c3 95. Ke3 Rd2 96. Kf3 b1=Q
97. Kg3 Qe1+ 98. Kh3 Rf2 99. Kg3 Qg1+ 100. Kh3 Kc1 101. Kh4 c2 102. Kh3 Kb1
103. Kh4 c1=Q 104. Kh3 Qh6# 0-1

[Event "Rated Blitz game"]
[Site "?"]
[Date "2021.07.13"]
[Round "?"]
[White "Andep123"]
[Black "hardacre"]
[Result "1-0"]
[WhiteElo "2419"]
[BlackElo "2361"]
[PlyCount "61"]
[EventDate "2021.??.??"]
[EventType "blitz"]

1. e4 e5 2. Nf3 d5 3. exd5 e4 4. Qe2 f5 5. d3 Nf6 6. dxe4 fxe4 7. Nc3 Bb4 8.
Bg5 Bxc3+ 9. bxc3 O-O 10. Bxf6 Qxf6 11. Nd4 c5 12. dxc6 Nxc6 13. O-O-O Qxf2 14.
Qxe4 Nxd4 15. Qxd4 Bg4 16. Bc4+ Kh8 17. Rd2 Qxd4 18. cxd4 Rac8 19. Bb3 g6 20.
Re1 Rce8 21. Rxe8 Rxe8 22. Kb2 Kg7 23. h3 Bf5 24. Bd5 b6 25. Bf3 Kf6 26. c4 Rc8
27. Kc3 h5 28. h4 Bg4 29. Bxg4 hxg4 30. Rf2+ Kg7 31. Rf4 {Normal} 1-0

[Event "Rated Blitz game"]
[Site "?"]
[Date "2021.07.13"]
[Round "?"]
[White "AchrefLahbecha"]
[Black "Jomajo"]
[Result "0-1"]
[WhiteElo "2518"]
[BlackElo "2636"]
[PlyCount "72"]
[EventDate "2021.??.??"]
[EventType "blitz"]

1. e4 e5 2. Nf3 d5 3. exd5 e4 4. Qe2 Qe7 5. Nd4 Nf6 6. Nc3 Qe5 7. Ndb5 a6 8. d4
Qe7 9. Na3 b5 10. Naxb5 axb5 11. Qxb5+ Nfd7 12. Bf4 Qb4 13. Bxc7 Ba6 14. Qxb4
Bxb4 15. Bxa6 Nxa6 16. Bf4 Nf6 17. d6 Bxc3+ 18. bxc3 Rc8 19. Rb1 Nd5 20. Bd2
O-O 21. O-O Rfd8 22. Rfe1 f5 23. Rb5 Rxd6 24. f3 e3 25. Bxe3 Rxc3 26. Bf2 Rxc2
27. Rb7 Rc8 28. g3 h6 29. g4 f4 30. Bh4 g5 31. Bf2 Nab4 32. Re5 Nd3 33. Rf5 Nf6
34. d5 Rc1+ 35. Kg2 Rc2 36. Kh3 Nxf2+ {Normal} 0-1

[Event "Rated Blitz game"]
[Site "?"]
[Date "2021.07.13"]
[Round "?"]
[White "good_knight_kisses"]
[Black "rofaidah"]
[Result "1-0"]
[WhiteElo "2406"]
[BlackElo "2453"]
[PlyCount "77"]
[EventDate "2021.??.??"]
[EventType "blitz"]

1. e4 e5 2. Nf3 d5 3. exd5 e4 4. Qe2 Nf6 5. Nc3 Bf5 6. Nd4 Bd7 7. d3 Bb4 8.
dxe4 Bxc3+ 9. bxc3 O-O 10. Bg5 h6 11. Bxf6 Qxf6 12. Qf3 Qd6 13. Bd3 c5 14. Nf5
Bxf5 15. Qxf5 Nd7 16. O-O Ne5 17. f4 Nxd3 18. cxd3 Rae8 19. c4 b5 20. e5 Qb6
21. Rab1 a6 22. Rf3 Qa5 23. Rg3 bxc4 24. dxc4 Rb8 25. Rf1 Qxa2 26. Qg4 g6 27.
e6 Qc2 28. f5 g5 29. h4 f6 30. Qh5 Rb7 31. Qxh6 Rh7 32. Qg6+ Rg7 33. Qh5 Rh7
34. Qg4 Rg7 35. hxg5 Rxg5 36. Qf4 Rxg3 37. Qxg3+ Kh8 38. Rf4 Qd1+ 39. Kh2 {
Normal} 1-0

[Event "Rated Blitz tournament ncI4vZ6k"]
[Site "?"]
[Date "2021.07.13"]
[Round "?"]
[White "LANATER2020"]
[Black "Jorny_Too_Pass"]
[Result "1/2-1/2"]
[WhiteElo "2448"]
[BlackElo "2257"]
[PlyCount "49"]
[EventDate "2021.??.??"]
[EventType "blitz"]

1. e4 e5 2. Nf3 d5 3. Nxe5 Bd6 4. d4 dxe4 5. Nc4 Nf6 6. Nxd6+ cxd6 7. c4 h6 8.
Nc3 O-O 9. h3 Bf5 10. Be3 Re8 11. g4 Bh7 12. Rg1 Qa5 13. g5 hxg5 14. Rxg5 Qc7
15. Qa4 Nbd7 16. O-O-O a6 17. Kb1 b5 18. cxb5 axb5 19. Qxb5 Reb8 20. Qc4 Qa5
21. Rxa5 Rxa5 22. Qc7 Raa8 23. Qxd6 Rc8 24. Bb5 Nf8 25. Rg1 {Normal} 1/2-1/2

[Event "Rated Blitz tournament ncI4vZ6k"]
[Site "?"]
[Date "2021.07.13"]
[Round "?"]
[White "LANATER2020"]
[Black "Jorny_Too_Pass"]
[Result "1/2-1/2"]
[WhiteElo "2445"]
[BlackElo "2240"]
[PlyCount "129"]
[EventDate "2021.??.??"]
[EventType "blitz"]

1. e4 e5 2. Nf3 d5 3. Nxe5 Bd6 4. d4 dxe4 5. Nc4 Nf6 6. Nxd6+ cxd6 7. c4 O-O 8.
h3 h6 9. Nc3 Re8 10. Be3 Bf5 11. g4 Bg6 12. Rg1 Nbd7 13. h4 Qa5 14. h5 Bh7 15.
g5 hxg5 16. Rxg5 Qb4 17. Qd2 a6 18. h6 Bg6 19. hxg7 Kxg7 20. O-O-O Rh8 21. Bg2
Rac8 22. b3 b5 23. Nxe4 Qxd2+ 24. Kxd2 Nxe4+ 25. Bxe4 bxc4 26. Bxg6 fxg6 27.
Rdg1 Nf8 28. bxc4 Rxc4 29. Ra5 Ne6 30. Rxa6 Nxd4 31. Kd3 Nf3 32. Rg3 Ne5+ 33.
Kd2 Rhc8 34. Rxd6 Rc2+ 35. Kd1 Nf7 36. Rdxg6+ Kf8 37. Rg8+ Ke7 38. Rxc8 Rxc8
39. a4 Ra8 40. Rg4 Ke6 41. Bd2 Ne5 42. Rb4 Nd3 43. Re4+ Kd5 44. f3 Nf2+ 45. Kc2
Nxe4 46. fxe4+ Kxe4 47. a5 Kd5 48. Kb3 Kc5 49. Ka4 Re8 50. Bb4+ Kc6 51. Kb3 Re4
52. Bc3 Kb5 53. Kc2 Rc4 54. Kd3 Rc6 55. Bd2 Rd6+ 56. Kc2 Kc4 57. Bf4 Rf6 58.
Bd2 Re6 59. Bc3 Re2+ 60. Bd2 Re6 61. Bc3 Rc6 62. Bd2 Kb5+ 63. Kb3 Ra6 64. Bc3
Rxa5 65. Bxa5 {Normal} 1/2-1/2

[Event "Rated Blitz game"]
[Site "?"]
[Date "2021.07.13"]
[Round "?"]
[White "Aurelor"]
[Black "Rikoboy"]
[Result "1-0"]
[WhiteElo "2446"]
[BlackElo "2425"]
[PlyCount "79"]
[EventDate "2021.??.??"]
[EventType "blitz"]

1. e4 e5 2. Nf3 d5 3. exd5 e4 4. Qe2 Nf6 5. d3 Qxd5 6. Nc3 Bb4 7. Bd2 Bxc3 8.
Bxc3 O-O 9. dxe4 Nxe4 10. Rd1 Nxc3 11. Rxd5 Nxd5 12. Qd2 c6 13. Be2 Bf5 14. O-O
Nd7 15. Bd3 Bg6 16. Bxg6 hxg6 17. c4 N5f6 18. Qb4 b6 19. Re1 Rfd8 20. Qc3 Nc5
21. b4 Nce4 22. Qc2 Re8 23. h3 Rad8 24. Rd1 Rc8 25. a3 c5 26. b5 Rcd8 27. a4
Rxd1+ 28. Qxd1 Nc3 29. Qc2 Ne2+ 30. Kf1 Nf4 31. g3 Ne6 32. h4 Rd8 33. Ne5 Nd4
34. Qd3 Re8 35. f4 Rd8 36. Kg2 Ne6 37. Qe2 Rd4 38. Nc6 Rxf4 39. Nxa7 Rg4 40.
Kh3 {Time forfeit} 1-0

[Event "Rated Blitz tournament M9e2FWPx"]
[Site "?"]
[Date "2021.07.13"]
[Round "?"]
[White "LongLiveBelarus"]
[Black "Lur15"]
[Result "1-0"]
[WhiteElo "2640"]
[BlackElo "2309"]
[PlyCount "51"]
[EventDate "2021.??.??"]
[EventType "blitz"]

1. e4 e5 2. Nf3 d5 3. exd5 e4 4. Qe2 Nf6 5. d3 Qxd5 6. Nbd2 Be6 7. dxe4 Qc5 8.
c3 Nc6 9. Nb3 Bxb3 10. axb3 O-O-O 11. b4 Nxb4 12. cxb4 Qxb4+ 13. Bd2 Qxb2 14.
Rd1 Bb4 15. e5 Rhe8 16. g3 Bxd2+ 17. Rxd2 Qb1+ 18. Qd1 Qe4+ 19. Be2 Rxd2 20.
Qxd2 Rxe5 21. Nxe5 Qxh1+ 22. Bf1 Qe4+ 23. Qe3 Qb1+ 24. Ke2 Qb2+ 25. Kf3 Nd5 26.
Bh3+ {Normal} 1-0

[Event "Rated Blitz game"]
[Site "?"]
[Date "2021.07.13"]
[Round "?"]
[White "vanja11"]
[Black "GrandeGila"]
[Result "0-1"]
[WhiteElo "2340"]
[BlackElo "2450"]
[PlyCount "56"]
[EventDate "2021.??.??"]
[EventType "blitz"]

1. e4 e5 2. Nf3 d5 3. exd5 e4 4. Qe2 Nf6 5. Nc3 Be7 6. Nxe4 O-O 7. c4 Nxe4 8.
Qxe4 Re8 9. Kd1 c6 10. Bd3 f5 11. Qf4 g5 12. Qd4 Bf6 13. Qc5 Na6 14. Qa3 Qb6
15. Re1 Rxe1+ 16. Nxe1 Nc5 17. Bc2 Ne4 18. Bxe4 fxe4 19. Qd6 Qxf2 20. dxc6 Bg4+
21. Kc2 bxc6 22. Nf3 Rf8 23. Qxc6 exf3 24. Qd5+ Kg7 25. gxf3 Bxf3 26. Qd7+ Rf7
27. Qh3 Be4+ 28. Kb3 Be7 {Time forfeit} 0-1

[Event "Rated Blitz tournament iXevDqty"]
[Site "?"]
[Date "2021.07.13"]
[Round "?"]
[White "Jactorres"]
[Black "CaroyinixDiscomix"]
[Result "1-0"]
[WhiteElo "2503"]
[BlackElo "2374"]
[PlyCount "81"]
[EventDate "2021.??.??"]
[EventType "blitz"]

1. e4 e5 2. Nf3 d5 3. d4 dxe4 4. Nxe5 Bd6 5. Nc4 Nf6 6. Nc3 h6 7. Nxd6+ Qxd6 8.
Be3 Bf5 9. Qd2 Nc6 10. h3 O-O 11. O-O-O Rfe8 12. g4 Bg6 13. g5 hxg5 14. Bxg5
Nd5 15. Nxd5 Qxd5 16. Kb1 a5 17. Be3 Nb4 18. c4 Qd7 19. h4 Bh5 20. Be2 Bxe2 21.
Qxe2 a4 22. Rdg1 a3 23. b3 Qf5 24. Rg5 Qh7 25. Rhg1 g6 26. h5 Ra6 27. d5 Qg7
28. Qd2 Nd3 29. f4 Qb2+ 30. Qxb2 axb2 31. f5 c6 32. fxg6 f6 33. Rf5 cxd5 34. h6
Rxa2 35. h7+ Kg7 36. Kxa2 Ra8+ 37. Kb1 Ra1+ 38. Kc2 Ne1+ 39. Rxe1 Rxe1 40. Bh6+
Kh8 41. Kxb2 {Time forfeit} 1-0

[Event "Rated Rapid game"]
[Site "?"]
[Date "2021.07.13"]
[Round "?"]
[White "Tumbalalayka"]
[Black "Gmelhor"]
[Result "1-0"]
[WhiteElo "2534"]
[BlackElo "2450"]
[PlyCount "91"]
[EventDate "2021.??.??"]
[EventType "rapid"]

1. e4 e5 2. Nf3 d5 3. Nxe5 Nd7 4. Nxd7 Qxd7 5. d3 Bc5 6. Qe2 Ne7 7. Nd2 O-O 8.
g3 f5 9. e5 f4 10. Nb3 Bxf2+ 11. Qxf2 fxg3 12. Qxg3 Nf5 13. Qg1 d4 14. Bg5 Qa4
15. a3 Be6 16. O-O-O Bxb3 17. cxb3 Qxb3 18. Bh3 b5 19. Qe1 a5 20. Qd2 c5 21.
Qc2 Qd5 22. Rhf1 Qxe5 23. Rde1 Ne3 24. Bxe3 dxe3 25. Bg2 Rae8 26. Bc6 Qg5 27.
Rxf8+ Rxf8 28. Qe2 Qh6 29. Bxb5 Rf2 30. Bc4+ Kf8 31. Qxe3 Qxe3+ 32. Rxe3 Rxh2
33. Re5 h5 34. Rxc5 h4 35. Rxa5 Ke7 36. Rh5 g6 37. Rh7+ Kf6 38. a4 g5 39. a5 g4
40. a6 g3 41. Rf7+ Kg5 42. a7 g2 43. Rg7+ Kh6 44. Rxg2 Rxg2 45. a8=Q h3 46.
Qh8+ {Normal} 1-0

[Event "Rated Rapid game"]
[Site "?"]
[Date "2021.07.13"]
[Round "?"]
[White "DrZwischenzug"]
[Black "Gmelhor"]
[Result "1/2-1/2"]
[WhiteElo "2364"]
[BlackElo "2450"]
[PlyCount "91"]
[EventDate "2021.??.??"]
[EventType "rapid"]

1. e4 e5 2. Nf3 d5 3. exd5 e4 4. Qe2 Nf6 5. Nc3 Bb4 6. Nxe4 O-O 7. c3 Nxe4 8.
cxb4 Re8 9. d4 Ng3 10. hxg3 Rxe2+ 11. Bxe2 Qxd5 12. Bf4 Bf5 13. Bxc7 Nc6 14.
O-O Nxd4 15. Nxd4 Qxd4 16. Bf3 Rc8 17. Rfd1 Qxb2 18. Bxb7 Rf8 19. Bd6 Rd8 20.
Bc5 Rxd1+ 21. Rxd1 h5 22. a4 Qc2 23. Rd8+ Kh7 24. a5 g5 25. Bf3 h4 26. gxh4
gxh4 27. Rd4 a6 28. Rxh4+ Kg6 29. Rd4 Bd3 30. Rd6+ Kg7 31. g3 Qc1+ 32. Kg2 Qf1+
33. Kh2 Bf5 34. Bg2 Qc1 35. Rxa6 f6 36. Ra7+ Kg6 37. Be3 Qd1 38. Rc7 Qh5+ 39.
Kg1 Qd1+ 40. Kh2 Qh5+ 41. Kg1 Qd1+ 42. Kh2 Qh5+ 43. Kg1 Qd1+ 44. Kh2 Qh5+ 45.
Kg1 Qd1+ 46. Kh2 {Normal} 1/2-1/2

[Event "Rated Blitz game"]
[Site "?"]
[Date "2021.07.13"]
[Round "?"]
[White "MrSuccess"]
[Black "Dzon_Vejn"]
[Result "1-0"]
[WhiteElo "2659"]
[BlackElo "2504"]
[PlyCount "57"]
[EventDate "2021.??.??"]
[EventType "blitz"]

1. e4 e5 2. Nf3 d5 3. exd5 e4 4. Qe2 Nf6 5. d3 Qxd5 6. Nbd2 Bb4 7. c3 Ba5 8.
Nxe4 Nxe4 9. Qxe4+ Be6 10. Be2 Nc6 11. O-O O-O-O 12. Qxd5 Bxd5 13. d4 Rhe8 14.
Be3 f5 15. Rfe1 h6 16. Nh4 Ne7 17. Bd3 Rf8 18. Bxh6 gxh6 19. Rxe7 c6 20. Bxf5+
Kb8 21. Be4 Bg8 22. Bf3 Bc7 23. Ng6 Rf6 24. Rg7 Be6 25. Ne5 a5 26. Nd3 Bf5 27.
Nc5 b6 28. Na6+ Kb7 29. Nxc7 {Normal} 1-0

[Event "Rated Blitz game"]
[Site "?"]
[Date "2021.07.13"]
[Round "?"]
[White "Holstentor"]
[Black "King_bg03"]
[Result "1-0"]
[WhiteElo "2487"]
[BlackElo "2534"]
[PlyCount "33"]
[EventDate "2021.??.??"]
[EventType "blitz"]

1. e4 e5 2. Nf3 d5 3. Nxe5 Bd6 4. d4 dxe4 5. Bf4 Ne7 6. Bc4 O-O 7. Nc3 Nbc6 8.
Nxe4 Nxd4 9. O-O Ne6 10. Bg3 Kh8 11. Qh5 f6 12. Nf7+ Rxf7 13. Qxf7 Nd4 14. Bxd6
cxd6 15. Nxf6 Nxc2 16. Ne8 d5 17. Qxg7# {Normal} 1-0